000 00440nam a2200169Ia 4500
003 GCL
008 140319s9999 xx 000 0 ara d
040 _aGCL /
_cGCL
082 0 4 _a820.9
_bف ج
100 1 _aفرنش، وارين
245 1 0 _aجون ستاينبك /
_cفرنش، وارين
700 1 _aنور شريف
490 _a
650 0 4 _aالادب الامريكى
650 0 4 _aستاينبك، جون
942 _2ddc
_cBK
999 _c40136
_d40136